Quiz di cultura generale #14 - Statistics

Statistiche generali
  • Questo quiz è stato fatto 1.468 volte
  • Il punteggio medio è 15 su 20
Statistiche sulle risposte
DOMANDA RISPOSTA % Corretto
Secondo la Bibbia, in quale città nacque Gesù? Betlemme
95%
Qual è la seconda lingua più parlata negli USA? Spagnolo
94%
Quale dio greco corrisponde al dio romano Giove? Zeus
92%
La sua capitale è Ottawa Canada
90%
Qual è l'ultimo colore dell'arcobaleno? Viola
90%
In quale regione italiana si trovo Treviso? Veneto
89%
Quale nazione colonizzò il Sudafrica? Regno Unito
86%
Quale quartiere di New York (molto famoso) termina per X? Bronx
83%
Di quale nazione fanno parte le Fiandre? Belgio
79%
Pietra in inglese Stone
79%
Ex presidente del consiglio detto anche "Cavaliere" Berlusconi
77%
Quale strumento da orchestra è più grande di una viola ma più piccolo di un basso? Violoncello
76%
Altro nome del cancro al sangue Leucemia
70%
Chi ha scritto IT? King/Stephen King
68%
Di quale nazione fa parte la Tasmania? Australia
66%
Da quale nazione provenivano gli attentatori dell'11 settembre? Arabia Saudita
54%
Quale parola indica lo studio e la pratica delle carte geografiche? Cartografia
54%
Qual è la più grande città in Arizona? (inizia con la P) Phoenix
52%
Scrisse il libro "Viaggio al centro della Terra" Jules Verne/Verne
49%
"Sul mio impero non tramonta mai il sole" Chi pronunciò questa frase? Carlo V
24%
Nessun quiz corrispondente trovato
Distribuzione punteggi
Percentuale di utenti per punteggio
Percentile per numero di risposta
I tuoi punteggi nel tempo
Non hai fatto questo quiz